| 000 | 00837nas a2200277 4500 | ||
|---|---|---|---|
| 001 | BR2012008246 | ||
| 003 | BR-BrBNA | ||
| 005 | 20231205121426.0 | ||
| 007 | ta | ||
| 008 | 230509b bl.|||p| |||| 00| 00por d | ||
| 040 |
_aBR-BrBNA _bpor _cBiblioteca Nacional de Agricultura |
||
| 041 | _a(Pt) | ||
| 072 | _aF08; K10 | ||
| 100 | 1 | _aMay, A. | |
| 100 | 1 | _aGonçalves, P. de S. | |
| 100 | 1 | _aBrioschi, A.P. | |
| 245 | 1 | _aConsorciação de seringueira com culturas de importância econômica | |
| 650 | _aCONSORCIAÇÃO DE CULTURA | ||
| 650 | _aSERINGUEIRA | ||
| 650 | _aSISTEMA DE CULTIVO | ||
| 650 | _aFLORESTA | ||
| 650 | _aPROPAGAÇÃO VEGETATIVA | ||
| 773 | 0 |
_tO Agronômico (Brazil) _xISSN 0365-2726 _g(Jan-Apr 1999), v. 51(1) p. 16-23 _wBR2012008246 |
|
| 909 |
_a202311 _bLúcia _c55 _dLúcia Elande |
||
| 942 |
_2AGRIS _n0 _cANA |
||
| 999 |
_c223514 _d223514 |
||